[Event "SVK-ch Seniors"]
[Site "Tatranske Matliare"]
[Date "2008.06.11"]
[Round "6"]
[White "Vrbica, Ladislav"]
[Black "Danko, Dusan"]
[Result "1/2-1/2"]
[WhiteElo "2028"]
[BlackElo "1903"]
[PlyCount "85"]
[EventDate "2008.06.08"]
[EventType "swiss"]
[EventRounds "9"]
[EventCountry "SVK"]
[SourceTitle "EXT 2009"]
[Source "ChessBase"]
[SourceDate "2008.11.26"]
[SourceVersion "1"]
[SourceVersionDate "2008.11.26"]
[SourceQuality "1"]

1. c4 e5 2. Nc3 Nf6 3. Nf3 d6 4. d4 exd4 5. Nxd4 Nc6 6. g3 Nxd4 7. Qxd4 Be7 8. Bg2 c6 9. Bf4 0-0 10. Rd1 Be6 11. b3 Qa5 12. Bd2 Qc7 13. 0-0 Rfd8 14. Bf4 Nh5 15. Bc1 Nf6 16. e4 Ne8 17. Qd3 Qc8 18. Ne2 Bg4 19. Be3 Nf6 20. Rd2 h6 21. f3 Bd7 22. Rfd1 b6 23. Bf4 d5 24. cxd5 cxd5 25. e5 Bf5 26. Qb5 a6 27. Qa4 Bc5+ 28. Nd4 Bd7 29. Bh3 Bxh3 30. b4 Bxd4+ 31. Rxd4 Nh5 32. g4 Bxg4 33. fxg4 Qxg4+ 34. Bg3 Qg6 35. Qb3 Nxg3 36. hxg3 Rac8 37. Qf3 Rc2 38. a3 Qe6 39. Rxd5 Rxd5 40. Rxd5 Rc8 41. Qd3 Re8 42. Qd4 g5 43. Kg2 1/2-1/2